The Bribery Act 2010 A Practical Guide (Record no. 112579)
[ view plain ]
| 000 -LEADER | |
|---|---|
| fixed length control field | 00582cam a22002055a 4500 |
| 001 - CONTROL NUMBER | |
| control field | L153536 |
| 008 - FIXED-LENGTH DATA ELEMENTS--GENERAL INFORMATION | |
| fixed length control field | 110804s2011 xxk f 000 0 eng d |
| 020 ## - INTERNATIONAL STANDARD BOOK NUMBER | |
| International Standard Book Number | 9781846611940 |
| 035 ## - SYSTEM CONTROL NUMBER | |
| System control number | (Sirsi) u153536 |
| 041 0# - LANGUAGE CODE | |
| Language code of text/sound track or separate title | eng |
| 050 04 - LIBRARY OF CONGRESS CALL NUMBER | |
| Classification number | 346.41066 $2 18 |
| 100 1# - MAIN ENTRY--PERSONAL NAME | |
| Personal name | O'Shea, Eoin |
| 245 04 - TITLE STATEMENT | |
| Title | The Bribery Act 2010 A Practical Guide |
| 260 ## - PUBLICATION, DISTRIBUTION, ETC. | |
| Place of publication, distribution, etc. | Bristol |
| Name of publisher, distributor, etc. | Jordan Publishing Ltd |
| Date of publication, distribution, etc. | 2011 |
| 520 ## - SUMMARY, ETC. | |
| Summary, etc. | A guide to and analysis of the 2010 legislation. |
| 651 #4 - SUBJECT ADDED ENTRY--GEOGRAPHIC NAME | |
| Geographic name | ENGLAND AND WALES |
| 690 ## - LOCAL SUBJECT ADDED ENTRY--TOPICAL TERM (OCLC, RLIN) | |
| Topical term or geographic name as entry element | MANAGEMENT-BUSINESS MANAGEMENT-PROFESSIONAL PRACTICE |
| 942 ## - ADDED ENTRY ELEMENTS (KOHA) | |
| Suppress in OPAC | 0 |
| Withdrawn status | Lost status | Source of classification or shelving scheme | Damaged status | Not for loan | Home library | Current library | Shelving location | Date acquired | Total Checkouts | Full call number | Barcode | Date last seen | Copy number | Price effective from | Koha item type |
|---|---|---|---|---|---|---|---|---|---|---|---|---|---|---|---|
| Dewey Decimal Classification | London | London | Books | 10/08/2011 | 346.41066 OSH | 30075788 | 06/08/2019 | 1 | 06/08/2019 | Book |